000 00480nam a22001697a 4500
005 20251108172025.0
008 250721s1973 xx 000 0 ara d
082 1 4 _a812.9611/عبد
100 1 _aعمار، عبد الرحمن
245 1 0 _aالأبطال الخمسة /
264 1 _aتونس :
_bالدار التونسية للنشر،
_c1973.
300 _a82ص
650 1 7 _aالمسرحية العربية
650 1 7 _aتونس
942 _2ddc
_cBK
999 _c68510
_d68510